Normal view
MARC view
- Ahmad, Parvaiz
Entry Personal Name
001 - CONTROL NUMBER
- control field: 132547
003 - CONTROL NUMBER IDENTIFIER
- control field: NUST
005 - DATE AND TIME OF LATEST TRANSACTION
- control field: 20251223141224.0
008 - FIXED-LENGTH DATA ELEMENTS
- fixed length control field: 251223|| aca||aabn | a|a d
040 ## - CATALOGING SOURCE
- Original cataloging agency: NUST
- Transcribing agency: NUST
100 ## - HEADING--PERSONAL NAME
- Personal name: Ahmad, Parvaiz
670 ## - SOURCE DATA FOUND
- Source citation: Work cat.: (NUST)0: Plant-environment interaction :
